000 00718cam a22002653a 4500
001 5166
003 PGUSA
005 20140828083114.0
008 040201s2004||||xxu|||||s|||||000 | eng d
040 _aPGUSA
_beng
042 _adc
050 4 _aPR
100 1 _aJonson, Ben,
_d-1637
245 1 4 _aThe Poetaster
_h[electronic resource] /
_cBen Jonson
260 _bProject Gutenberg,
_c2004
506 _aPublic domain in the USA.
516 _aElectronic text
653 _aRome -- History -- Augustus, 30 B.C.-14 A.D. -- Drama
653 _aComedies
653 _aPoets -- Drama
653 _aSatire
830 0 _aProject Gutenberg
_v5166
856 4 0 _uhttp://www.gutenberg.org/ebooks/5166
942 _cEB
999 _c234495
_d234495